Promoting savings in Latin America

Enregistré dans:
Détails bibliographiques
Autres auteurs: Hausmann, Ricardo, Reisen, Helmut
Format: Livre
Langue:anglais
Publié: Paris IDB 1997
Sujets:
Tags: Ajouter un tag
Pas de tags, Soyez le premier à ajouter un tag!

MARC

LEADER 00000nam a2200000 4500
001 c119318
005 20221124074904.1
020 |a 92-64-15462-0 
041 0 |a eng 
044 |a FR 
245 1 0 |a Promoting savings in Latin America  |c edited by Ricardo Hausmann and Helmut Reisen 
264 1 |a Paris  |b IDB  |c 1997 
300 |a 290 s. 
610 2 0 |a úspory 
610 2 0 |a úspory finančné 
610 2 0 |a úspory obyvateľstva 
610 2 0 |a Latinská Amerika 
700 1 |a Hausmann, Ricardo 
700 1 |a Reisen, Helmut